000 01293cam a22003134a 4500
999 _c11182
_d11182
001 13961053
003 OSt
005 20191223104544.0
008 050511s2005 enka b 001 0 eng
010 _a 2005275469
020 _a9780195676280
040 _aDLC
_cDLC
_dDLC
042 _apcc
050 0 0 _aHD82
_b.H344 2005
082 _a338.9
_bHAY/D
100 1 _aHayami, Yūjirō,
_d1932-2012
_9675
245 1 0 _aDevelopment economics :
_bfrom the poverty to the wealth of nations /
_cYujiro Hayami, Yoshihisa Godo.
250 _a3rd ed.
260 _aOxford ;
_aNew York :
_bOxford University Press,
_c2005.
300 _axviii, 430 p. :
_bill. ;
_c24 cm.
504 _aIncludes bibliographical references (p. [383]-414) and index.
650 0 _aEconomic development.
700 1 _aYoshihisa Godo.
856 4 1 _3Table of contents only
_uhttp://www.loc.gov/catdir/enhancements/fy0638/2005275469-t.html
856 4 2 _3Contributor biographical information
_uhttp://www.loc.gov/catdir/enhancements/fy0725/2005275469-b.html
906 _a7
_bcbc
_corigcop
_d2
_encip
_f20
_gy-gencatlg
942 _2ddc
_cBK
_h338.9
_iHAY/D
_k338.9
_mHAY/D